Les pays ayant le plus d'habitants par km² - Statistiques

Statistiques générales
  • Ce quiz a été pris 349 fois
    335 depuis la dernière actualisation
  • Le résultat moyen est 9 sur 20
Statistiques - réponses
Hint Réponse % Correct
1 Monaco
83%
18 Inde
79%
17 Japon
73%
3 Vatican
73%
2 Singapour
68%
12 Saint-Marin
61%
7 Bangladesh
58%
16 Belgique
54%
14 Pays-Bas
51%
11 Corée du Sud
47%
4 Malte
43%
6 Bahreïn
34%
5 Maldives
28%
15 Liban
26%
9 Nauru
24%
13 Tuvalu
23%
10 Île Maurice
22%
8 Barbade
17%
20 Rwanda
16%
19 Îles Marshall
5%
Aucun quiz correspondant
Distribution des résultats
% des personnes avec chaque résultat
Percentile par nombre de réponses
Votre historique - résultats
Vous n’avez pas pris ce quiz depuis la dernière actualisation